000 00537nam a22001697a 4500
005 20251108164152.0
008 250721s1991 xx 000 0 ara d
082 1 4 _a301.2956/غصي
100 1 _aغصيب، هشام
245 1 0 _aثقافتنا في ضوء تبعيتنا :
_bالوعي المأزوم في الرأسمالية /
264 1 _aعمان :
_bدار التنوير العلمي،
_c1991.
300 _a132ص
650 1 7 _aالثقافة
650 1 7 _aالبلدان العربية
942 _2ddc
_cBK
999 _c5371
_d5371